01220nac a22003131u 4500003000900000005001700009008004100026020003300067020003200100020001800132040004300150082002000193100005100213245014200264264004300406264001000449300005300459336002600512337002800538338002700566504005100593650004100644651001000685653001100695655002400706942002400730999001500754952013700769EG-ScBUE20220906104027.0130122t1994 ge a f b 001 0 eng d a3791314254 (English edition) a3791313975 (German edition) a9783791314259 aEG-ScBUEbengerdacEG-ScBUEdEG-ScBUE04a720.21bTHO2221 aThomsen, Christian Wer, eauthor.93195110aVisionary architecture :bfrom Babylon to virtual reality /cChristian W. Thomsen ; [translated from the German by John William Gabriel]. 1aMunich ;aNew York :bPrestel,c[1994] 4cc1994 a191 pages :billustrations (some color) ;c31 cm 2rdacontentatextbtxt 2rdamediaaunmediatedbn 2rdacarrieravolumebnc aIncludes bibliographical references and index. 7aArchitecturexHistory.9319532BUEsh 2BUEsh bENGARC vReading book934232 cBBk720.21 THO2ddc c4504d4504 00102ddc40708 aMAINbMAINc2NDd2009-09-07epurchasel2o720.21 THOp000005318r2025-07-15 00:00:00s2009-02-12w2007-09-09yBB